Daily Capital City Riddle #121 - Statistics

General Stats
  • This quiz has been taken 34 times
  • The average score is 28 of 34
Answer Stats
Type Answer % Correct
Alphabet Letter A
100%
Found Letter I
100%
Found Letter R
100%
Alphabet Letter S
100%
Alphabet Letter D
96%
Alphabet Letter E
96%
Found Letter L
96%
Alphabet Letter N
96%
Found Letter O
96%
Correctly Placed Letter O
93%
Found Letter P
93%
Found Letter T
93%
Alphabet Letter C
89%
Alphabet Letter G
89%
Alphabet Letter H
89%
Alphabet Letter M
89%
Alphabet Letter B
86%
Alphabet Letter K
86%
Alphabet Letter U
86%
Alphabet Letter V
86%
Alphabet Letter W
82%
Alphabet Letter J
79%
Alphabet Letter F
75%
Alphabet Letter Z
75%
Correctly Placed Letter R
71%
Alphabet Letter Y
71%
Correctly Placed Letter I
68%
Correctly Placed Letter I
68%
Correctly Placed Letter L
68%
Alphabet Letter Q
68%
Correctly Placed Letter T
68%
Alphabet Letter X
68%
Correctly Placed Letter P
61%
Mystery Capital Tripoli
61%
No matching quizzes found
Score Distribution
Percent of People with Each Score
Percentile by Number Answered
Your Score History
You have not taken this quiz